000 00891nam a2200253Ia 4500
003 OSt
005 20220923215706.0
006 a|||||r|||| 00| 0
007 ta
008 220922b |||||||| |||| 00| 0 hin d
024 _a180,905
037 _cTextual
040 _aARTS
_cARTS
_bhin
041 _2hin
_ahin
082 _aO152,1N082x, N2
100 _aज्योतिषी, ज्वालाप्रसाद
_9156298
245 0 _aये मेरा जी और अन्य कविताएं
246 _aYe merā jī ... Aur anya kavitāean
260 _aइलाहाबाद
_b शब्द पीठ
_c1992
300 _a80 पृ.
_ccm.
650 _aहिन्दी साहित्य
_9156264
942 _hO152,1N082x, N2
_cTEXL
_2CC
999 _c334283
_d334283